Historical monarchical titles - Statistics

General Stats
  • This quiz has been taken 107 times
  • The average score is 3 of 5
Answer Stats
Hint Answer % Correct
Russian variant of 'Caesar' Tsar
97%
The best known holder was Mongolian Khagan
91%
Shortened variant of 'Emir' Mir
48%
Same as 'prince' in some languages Duke
31%
East Slavic and Lithuanian duke Knyaz
15%
No matching quizzes found
Score Distribution
Percent of People with Each Score
Percentile by Number Answered
Your Score History
You have not taken this quiz